| 000 | 00732cab a2200253 4500 | ||
|---|---|---|---|
| 001 | ABS48239 | ||
| 008 | 090401t1992 xxu||||| |||| 00| 0 eng d | ||
| 035 | _a(Sirsi) u65626 | ||
| 041 | _aeng | ||
| 100 | _aRodriguez-Bachiller, A. | ||
| 245 | _aEnglish planning lottery | ||
| 260 | _c1992 | ||
| 350 | _a0 | ||
| 490 |
_aTown Planning Review _v63(4) October 1992, 387-402(9) |
||
| 520 | _aReviews how planning and public policies on land taxation bring about changes in land values. Compares the UK system to that in Spain. | ||
| 650 | _aBETTERMENT | ||
| 650 |
_aInfrastructure _96246 |
||
| 650 | _aLAND VALUES | ||
| 690 | _aLAND | ||
| 700 | _aThomas, M. | ||
| 700 | _aWalker, S. | ||
| 942 | _n0 | ||
| 948 | _c04/03/1997 | ||
| 999 |
_c40942 _d40942 |
||